000 00391nam a2200145Ia 4500
008 210210b1973 xxu||||| |||| 00| 0 eng d
082 _a327.17 BROW
100 _aBROWN (Lester R).
245 _aWorld without borders.
260 _aND
_bAffiliated East-West Prees Pvt. Ltd.
_c1973
300 _axviii,395
650 _aGlobal society
690 _aInternational Relations
906 _a031095
999 _c82136
_d82136